000 01016nam a22002415i 4500
001 176747
003 ES-MaACL
005 20230906220154.0
008 110207s1962 fr |||| | fre d
080 _a351.773:636
245 0 0 _aRéglementations sanitaires du bétail et des viandes dans les pays de l'OCDE
_b: leurs rapports avec le commerce et les règlements commerciaux.
260 _a[Paris] :
_bl'Organisation de Coopération et de Développement Économiques,
_cD. L. 1962.
300 _a126 p. ;
_c24 cm.
490 1 _aDocumentation dans l'agriculture et l'alimentation. Série 1962 ;
_v53
546 _aTexto en francés.
650 0 4 _aCarne-
_vLegislación.
_9145063
650 4 _aGanado-
_vLegislación.
_9145062
650 4 _aAlimentos-
_xInspección sanitaria.
_9145064
710 2 _aOrganización de Cooperación y Desarrollo Económico.
_9167502
830 0 _aDocumentation dans l'agriculture et l'alimentation. Série 1962 ;
_v53
_9190220
852 _aES-MaACL
_jE-14207
999 _c176747
_d176747